000 00748nam a22002297a 4500
005 20230110074916.0
008 230110b |||||||| |||| 00| 0 eng d
020 _a9781904364818
040 _aKMU
_cKMU
050 _aHC 79.E5 Env 2009
100 _aBlackman, Rachel
245 _aEnvironmental Sustainability:
_bResponding to Changes in the environment and Climate/
_cedited by Rachael Blackman,Isabel Carter,Jude Collins,Sarah Sarah Shaw,Mike Wiggins and Sarah Wiggins.
260 _aUK:
_bTearfund,
_c2009.
300 _a96 pages.:
_bill.;
_c29cm.
700 _aBlackman Rachael,
700 _aCarter Isabel,
700 _aCollins Jude,
700 _aShaw Sarah,
700 _aWiggins Mike,
700 _aWiggins Sarah.
942 _2lcc
_cBK
_n0
999 _c93
_d93